Podvojné účtovníctvo podnikateľov praktická príručka: k 1.1.2016

Gespeichert in:
Bibliographische Detailangaben
1. Verfasser: Cenigová, Anna
Format: Buch
Sprache:Slowakisch
Veröffentlicht: Bratislava CENIGA 2016
Ausgabe:16. dopln. a aktualiz. vyd.
Schlagworte:
Tags: Tag hinzufügen
Keine Tags, Fügen Sie das erste Tag hinzu!

MARC

LEADER 00000nam a2200000 4500
001 0227535
005 20221107101135.7
020 |a 978-80-969946-7-0 
041 0 |a slo 
044 |a SK 
245 1 0 |a Podvojné účtovníctvo podnikateľov  |b praktická príručka: k 1.1.2016  |c Anna Cenigová 
250 |a 16. dopln. a aktualiz. vyd. 
264 1 |a Bratislava  |b CENIGA  |c 2016 
300 |a 701 s. 
610 2 0 |a účtovníctvo podvojné 
610 2 0 |a podnikatelia 
610 2 0 |a osnova účtová 
610 2 0 |a postupy účtovné 
610 2 0 |a zákony 
610 2 0 |a fond sociálny 
610 2 0 |a Slovensko 
610 2 0 |a 2016 
100 1 |a Cenigová, Anna